Na slovensku chýba dostatok použitých sklenených fliaš a obalov

Na Slovensku existuje potenciál recyklácie použitého obalového skla až 150 tisíc ton ročne. Jediným limitujúcim faktorom je jeho nedostatok. Dôvodom je aj to, že obaly často končia v komunálnom odpade. Tým sa "pochováva" jeho potenciál.

Gespeichert in:
Bibliographische Detailangaben
Format: Buchkapitel
Sprache:Slowakisch
Schlagworte:
Tags: Tag hinzufügen
Keine Tags, Fügen Sie das erste Tag hinzu!

MARC

LEADER 00000naa a2200000 4500
001 0305380
005 20241129123057.9
041 0 |a slo 
044 |a SK 
245 1 0 |a Na slovensku chýba dostatok použitých sklenených fliaš a obalov 
520 |a Na Slovensku existuje potenciál recyklácie použitého obalového skla až 150 tisíc ton ročne. Jediným limitujúcim faktorom je jeho nedostatok. Dôvodom je aj to, že obaly často končia v komunálnom odpade. Tým sa "pochováva" jeho potenciál. 
610 2 0 |a recyklácia odpadu 
610 2 0 |a sklo 
610 2 0 |a spracovanie odpadu 
610 2 0 |a odpad komunálny 
610 2 0 |a obaly 
610 2 0 |a hospodárstvo obehové